01553nam a2200361Ia 4500001001200000003000800012006001900020007001500039008004100054010001700095020002900112020002600141040002100167035002100188050002400209082001900233100003500252245013600287260006700423300002200490504006400512533015200576600003500728600007300763650004600836650004100882650004300923655002900966700003600995710001701031856012601048999001701174ebr10718801CaPaEBRm o u cr cn|||||||||121218s2013 maua sb 001 0beng d z 2012036742 z9780674072558 (hardback) z0674072553 (hardback) aCaPaEBRcCaPaEBR a(OCoLC)84889553414aQL31.W7bB87 2013eb04a598.092aB2231 aBurtt, Edward H.,cJr.,d1948-10aAlexander Wilsonh[electronic resource] :bthe Scot who founded American ornithology /cEdward H. Burtt, Jr., William E. Davis, Jr. aCambridge :bBelknap Press of Harvard University Press,c2013. ax, 444 p. :bill. aIncludes bibliographical references (p. 429-432) and index. aElectronic reproduction.bPalo Alto, Calif. :cebrary,d2013.nAvailable via World Wide Web.nAccess may be limited to ebrary affiliated libraries.10aWilson, Alexander,d1766-1813.10aWilson, Alexander,d1766-1813.tAmerican ornithologyvIllustrations. 0aOrnithologistszUnited StatesvBiography. 0aOrnithologyzUnited StatesxHistory. 0aBirdszUnited StatesvPictorial works. 7aElectronic books.2local1 aDavis, William E.,cJr.,d1936-2 aebrary, Inc.40uhttp://site.ebrary.com/lib/rucke/Doc?id=10718801zAn electronic book accessible through the World Wide Web; click to view c28036d28036